History Quiz

Random History Quiz

Who Am I? Jacksonian Democracy Quiz Stats

 Plays Quiz not verified by Sporcle

Support Sporcle.
Go Orange.
Score 0/20 Timer 10:00
0 Plays Today
Can you identify who is talking Name % Correct
I was Andrew Jackson's VP who endorsed the doctrine of Nullification.John C. Calhoun
80.8%
I was a Massachusetts senator who believed in the strength of the Union.Daniel Webster
76.9%
I challenged the ruling in Worcester v. Ga.Andrew Jackson
65.4%
I tried to recharter the bank to ruin Andrew Jackson's political career.Henry Clay
60.3%
I was the president of the Second National Bank of the United States.Nicholas Biddle
59%
I argued on behalf of the Cherokees in front of the Supreme Court.John Ross
57.7%
I was Andrew Jackson's second VP. Martin Van Buren
55.1%
I relaxed the voting qualifications for towards teh American public.John Quincy Adams
53.8%
I wrote the abolitionist newspaper the Liberator.William Lloyd Garrison
52.6%
I was a benefit of the spoils system, what informal group of advisers was I part of?Kitchen Cabinet
51.3%
Can you identify who is talking Name % Correct
I toured the mental institutions of the country and found the treatment of the mentally ill to be despicableDorothea Dix
48.7%
I lead the Seminoles in the a war against the United States.Chief Osceola
42.3%
I tried to fix the public education system in Massachusetts.Horace Mann
41%
I lead the Sauk and Fox in a rebellion against the United States.Chief Black Hawk
37.2%
I was part of a team of women who wrote the Declaration of Rights and Sentiments.Elizabeth Cady Stanton
37.2%
I was Roger Brook Taney, where did I put the money when I did not deposit federal funds into the national bank.Pet Banks
34.6%
I advocated for the liberty of the states before the Union.Robert Y Hayne
33.3%
I was a southern farmer, what was the name of the financial plan that the North instituted to protect their industry.Tariff of Abominations
32.1%
I was a woman who lived in the years prior to any women's rights movement, what name was given to the fact that women were supposed to remain in the house.Cult of Domesticity
25.6%
I was a religious lecturer during the Second Great Awakening.Charles Grandison Finney
21.8%

You're not logged in!

Compare scores with friends on all Sporcle quizzes.
OR
Log In

From the Vault

Periodic Table Filler

by goc3

It's like a puzzle -- get the corners first and then fill in the rest.
Remove Ads.
Support Sporcle.
Get the best of Sporcle when you Go Orange. This ad-free experience offers more features, more stats, and more fun while also helping to support Sporcle. Thank you for becoming a member.

Show Comments

Extras

Top Quizzes Today


Score Distribution

Your Account Isn't Verified!

In order to create a playlist on Sporcle, you need to verify the email address you used during registration. Go to your Sporcle Settings to finish the process.

Report this User

Report this user for behavior that violates our Community Guidelines.

Details: